2.Bundesliga Meister seit 1999 - Statistiken

Allgemein
  • Dieses Quiz wurde 248 mal gespielt
    77 seit der letzten Aktualisierung
  • Das Durchschnittsergebnis liegt bei 22 aus 27
Antwortstatistiken
Jahr Meister % Korrekt
2019 Köln
94%
2014 Köln
94%
2005 Köln
94%
2000 Köln
94%
2022 Schalke
94%
2025 Köln
91%
2023 Heidenheim
90%
2004 Nürnberg
90%
2001 Nürnberg
90%
2020 Bielefeld
81%
1999 Bielefeld
81%
2024 St.Pauli
81%
2017 Stuttgart
81%
2021 Bochum
78%
2006 Bochum
78%
2018 Düsseldorf
78%
2012 Fürth
76%
2013 Hertha
76%
2011 Hertha
76%
2016 Freiburg
75%
2009 Freiburg
75%
2003 Freiburg
75%
2010 Kaiserslautern
75%
2002 Hannover
74%
2015 Ingolstadt
56%
2007 Karlsruhe
56%
2008 Mönchengladbach
56%
Keine übereinstimmenden Quizze gefunden
Verteilung der Resultate
Anzahl Personen mit jedem Resultat
Perzentil nach korrekt beantworteten Fragen
Ihre Resultats-Entwicklung
Sie haben dieses Quiz seit der letzten Aktualisierung nicht gespielt